| 000 | 00605nam a2200157Ia 4500 | ||
|---|---|---|---|
| 008 | 090124s9999 xx 000 0 und d | ||
| 082 |
_b30266 _a4098 |
||
| 245 | _a महानिर्वाण : समीक्षा आणि संस्मरणे | ||
| 250 | _a1 | ||
| 260 | _c1999 | ||
| 300 | _a254 | ||
| 630 | _a महानिर्वाण : समीक्षा आणि संस्मरणे | ||
| 700 | _aइनामदार - साने रेखा | ||
| 730 | _a महानिर्वाण : समीक्षा आणि संस्मरणे | ||
| 942 | _cBOOK | ||
| 999 |
_c143748 _d143748 |
||